000 01534nam0a2200385 4500
001 RU\NLR\BIBL_A\012530294
005 20210701091258.0
010 _a978-5-04-112980-4
_94000
021 _aRU
_bКН-П-21-002465
_9КН-П-21-0186
035 _a(NLR Aleph) 012530294
035 _a(RuMoRGB)010555912
090 _a12361865
_c12361865
100 _a20210527d2021 d y0rusy50 ca
101 1 _arus
_ceng
102 _aRU
105 _ay|||z|||000ay
181 0 _ai
_baxxe
182 0 _an
200 1 _aДар скального тролля
_e[для среднего школьного возраста]
_fКрис Райландер
_g[перевод с английского М.С. Мещеряковой]
203 _aТекст
_bвизуальный
_cнепосредственный
210 _aМосква
_c#эксмодетство
_cЭксмо
_d2021
215 _a509, [2] с.
_d21
225 1 _aЛегенда о Греге
_v2
300 _aЗагл. обл. и корешка: Легенда о Греге. Дар скального тролля
320 _aДр. кн. авт. на 2-й с.
333 _a12+
512 1 _aЛегенда о Греге. Дар скального тролля
686 0 _aШ9(7США)62-4
700 1 _7ca
_8rus
_aРайландер
_bК.
_gКрис
_9231775
_3RU\NLR\AUTH\770231831
942 _cBOOK
980 _aNB